[Event "Ngas"]
[Site "http://www.queenalice.com/game.php?id=601285"]
[Date "2009.6.10"]
[Round "-"]
[White "Dinho"]
[Black "SGrillo"]
[Result "0-1"]
[WhiteElo "1763"]
[BlackElo "1694"]

1. e4 e5 2. Nf3 d6 3. Be2 Be7 4. O-O Nf6 5. Nc3 c6 6. d3 h6 7. Be3 O-O 8. Qd2
Bg4 9. h3 Bxf3 10. Bxf3 Nbd7 11. Rfe1 Nh7 12. Ne2 Bg5 13. Bxg5 Qxg5 14. Qb4 Rab8
15. Qxd6 Nhf6 16. d4 exd4 17. Nxd4 Qe5 18. Nf5 Qxd6 19. Nxd6 Ne5 20. Bd1 Rfd8
21. Nf5 Nc4 22. b3 Ne5 23. Kh2 Rd2 24. f4 Ng6 25. Kg3 Re8 26. Bf3 h5 27. e5 h4+
28. Nxh4 Nd5 29. Nxg6 fxg6 30. Bxd5+ Rxd5 31. Rad1 Red8 32. Rxd5 Rxd5 33. c4
Rd3+ 34. Kh4 Kf7 35. Rf1 Ke6 36. Kg5 Rg3+ 37. Kh4 Rxg2 38. Rd1 Rxa2 39. Rd6+ Ke7
40. Rxg6 Kf7 41. Kh5 Ra3 42. Rg3 a5 43. f5 a4 44. Rg2 Rxb3 45. Ra2 a3 46. h4 b5
47. c5 b4 0-1

[Event "Challenge"]
[Site "http://www.queenalice.com/game.php?id=601384"]
[Date "2009.6.10"]
[Round "-"]
[White "SGrillo"]
[Black "Dinho"]
[Result "0-1"]
[WhiteElo "1689"]
[BlackElo "1744"]

1. e4 g6 2. d4 Bg7 3. e5 d6 4. exd6 cxd6 5. c3 Nf6 6. Be2 O-O 7. h3 Nc6 8. Bf3
Na5 9. Nd2 e5 10. dxe5 dxe5 11. Ne2 Re8 12. O-O e4 13. Nxe4 Qxd1 14. Rxd1 Nxe4
15. Bxe4 Rxe4 16. Rd8+ Bf8 17. Be3 Nc6 18. Rd4 Nxd4 19. Bxd4 Rxe2 20. b4 Be6 21.
Kf1 Rxa2 22. Rxa2 Bxa2 23. f3 Rc8 24. Ke2 Bg7 25. Bxg7 Kxg7 26. Kd2 Bb3 27. g4
Rd8+ 0-1

[Event "QA-ANNIV-05"]
[Site "http://www.queenalice.com/game.php?id=604046"]
[Date "2009.6.15"]
[Round "1"]
[White "Dinho"]
[Black "Ayr_United"]
[Result "1-0"]
[WhiteElo "1715"]
[BlackElo "1724"]

1. e4 e5 2. Nf3 d6 3. Bc4 h6 4. O-O g5 5. d3 Qf6 6. Be3 Be6 7. Nbd2 Bxc4 8. Nxc4
Nc6 9. d4 exd4 10. Bxd4 Nxd4 11. Nxd4 O-O-O 12. c3 d5 13. exd5 Rxd5 14. Qg4+ Kb8
15. Rae1 Be7 16. Ne3 Re5 17. b4 h5 18. Qd7 Bd6 19. Nd5 b6 20. Nxf6 Nxf6 21. Qxf7
Rf8 22. Qc4 Rfe8 23. Qa6 c5 24. Rxe5 Bxe5 25. bxc5 Bxd4 26. cxd4 Nd5 27. Rb1 Re6
28. Rc1 Nc3 29. Kf1 Nd5 30. Re1 Nc7 31. Qc4 Rc6 32. Qg8+ Kb7 33. Re7 b5 34. Qxg5
b4 35. Qxh5 Ra6 36. Qf3+ Kb8 37. Rd7 Kc8 38. Qf7 Rc6 39. Rd6 Kb7 40. Rxc6 Kxc6
41. d5+ Nxd5 42. Qxa7 Nc7 43. Qb6+ Kd7 44. Qd6+ Kc8 45. c6 Nb5 46. Qd7+ 1-0

[Event "Challenge"]
[Site "http://www.queenalice.com/game.php?id=604630"]
[Date "2009.6.16"]
[Round "-"]
[White "Dinho"]
[Black "knight401"]
[Result "1-0"]
[WhiteElo "1736"]
[BlackElo "1541"]

1. e4 e5 2. Nf3 Nc6 3. b3 a6 4. Bb2 d6 5. Nc3 Nf6 6. Qe2 Bg4 7. h3 Be6 8. O-O-O
Be7 9. Qe3 O-O 10. Ne2 Re8 11. d4 exd4 12. Nfxd4 Ne5 13. f4 Ned7 14. g4 h6 15.
f5 Ne5 16. Rg1 Bd7 17. g5 hxg5 18. Qxg5 g6 19. Nf4 Nf3 20. Nxf3 Nxe4 21. Qh6
Bxf5 22. Qg7# 1-0

[Event "Challenge"]
[Site "http://www.queenalice.com/game.php?id=606650"]
[Date "2009.6.21"]
[Round "-"]
[White "wladimir"]
[Black "Dinho"]
[Result "0-1"]
[WhiteElo "1479"]
[BlackElo "1758"]

1. e4 g6 2. Nf3 Bg7 3. Bc4 e6 4. d3 Nf6 5. Bf4 Nh5 6. Qc1 Nxf4 7. Qxf4 Bxb2 8.
Nc3 Bxa1 9. Nb5 d6 10. Ng5 O-O 11. Qh4 h5 12. O-O Bf6 13. Nxe6 Bxe6 14. Qg3 Bxc4
15. dxc4 a6 16. Qa3 Nc6 17. c3 axb5 18. Qb3 bxc4 19. Qxc4 Re8 20. Qd3 Rxa2 21.
Qc4 Rc2 22. Qd3 Rxc3 23. Qe2 d5 24. f3 dxe4 25. fxe4 Nd4 26. Qd1 Rxe4 27. Qa4
Qd5 28. Qd1 Re2 29. Rf2 Rxf2 0-1

[Event "Bcas"]
[Site "http://www.queenalice.com/game.php?id=606995"]
[Date "2009.6.22"]
[Round "-"]
[White "SGrillo"]
[Black "Dinho"]
[Result "1-0"]
[WhiteElo "1760"]
[BlackElo "1744"]

1. e4 g6 2. d4 Bg7 3. e5 d6 4. exd6 Qxd6 5. c3 Nf6 6. h3 O-O 7. Nf3 Re8 8. Bd3
Nh5 9. O-O e5 10. dxe5 Bxe5 11. Nxe5 Rxe5 12. Qf3 c6 13. Na3 b5 14. Bd2 Na6 15.
Bxb5 Bb7 16. Nc4 Qd5 17. Nxe5 Qxf3 18. Nxf3 cxb5 19. Nd4 Rd8 20. Rfd1 Nc5 21.
Nxb5 a6 22. Nd4 Nf6 23. f3 Nd3 24. Rab1 h5 25. Bg5 Rd6 26. Bxf6 Rxf6 27. Rxd3
Bd5 28. a3 Rb6 29. b4 Bc4 30. Re3 Kg7 31. a4 Rb7 32. a5 Rc7 33. Rbe1 1-0

[Event "Challenge"]
[Site "http://www.queenalice.com/game.php?id=610100"]
[Date "2009.6.28"]
[Round "-"]
[White "Dinho"]
[Black "SGrillo"]
[Result "0-1"]
[WhiteElo "1731"]
[BlackElo "1779"]

1. c4 d5 2. Nc3 dxc4 3. e4 Be6 4. Qa4+ Qd7 5. Qb4 b6 6. g3 a6 7. Bg2 Nc6 8. Qa4
b5 9. Qd1 Rd8 10. Nge2 Bh3 11. Bf3 Bg4 12. Nf4 Bxf3 13. Qxf3 Nd4 14. Qd1 Ne6 15.
Qf3 Nxf4 16. Qxf4 e6 17. Qe5 Nf6 18. f3 Qd6 19. Qg5 h6 20. Qe3 Qd3 21. Qxd3 Rxd3
22. O-O Bc5+ 23. Kg2 O-O 24. Nd1 Bd4 25. Rb1 Rd8 26. b3 g5 27. h3 h5 28. Bb2
Bxb2 29. Rxb2 cxb3 30. Nf2 Rxd2 31. Rxd2 Rxd2 32. axb3 Nd7 33. Rd1 Rxd1 34. Nxd1
Nc5 35. Kf2 Nxb3 36. Ke3 a5 37. Nc3 c6 38. Kd3 Kf8 39. Kc2 a4 40. Kb2 Ke7 41.
Ka3 Nd4 42. f4 gxf4 43. gxf4 Kf6 44. Kb4 e5 45. fxe5+ Kxe5 0-1

[Event "Challenge"]
[Site "http://www.queenalice.com/game.php?id=614660"]
[Date "2009.7.7"]
[Round "-"]
[White "Marivaldo"]
[Black "Dinho"]
[Result "1/2-1/2"]
[WhiteElo "1879"]
[BlackElo "1737"]

1. d4 g6 2. Bf4 Bg7 3. Nc3 Nf6 4. e3 O-O 5. h4 d6 6. Be2 Nbd7 7. h5 e5 8. dxe5
dxe5 9. Bg5 b6 10. hxg6 fxg6 11. Bc4+ Kh8 12. Bxf6 Rxf6 13. Ne4 Rc6 14. Bd5 Bb7
15. Bxc6 Bxc6 16. Qg4 Nf6 17. Nxf6 Qxf6 18. c3 h5 19. f3 Rd8 20. Qc4 Qd6 21. e4
Qd2+ 22. Kf1 Bh6 23. Qe2 Qxe2+ 24. Nxe2 Bb5 25. Kf2 Rd2 26. Rhe1 Rxb2 27. a4 Bc4
28. Rab1 Rc2 29. Rb4 Bd3 30. g4 Bd2 31. Rd1 Bxc3 32. Rxd3 Bxb4 33. gxh5 gxh5 34.
Rd7 Bd6 35. Rf7 h4 36. Rf5 c5 37. Rh5+ Kg7 38. Rxh4 c4 39. Rh1 Bc5+ 40. Kf1 Ra2
41. Nc3 Rc2 42. Nd5 a6 43. Rh5 Bd4 44. Nb4 Rc1+ 45. Ke2 Ra1 46. Nxa6 Rxa4 47.
Nb8 b5 48. Nc6 b4 49. Nxe5 Ra5 50. Rg5+ Kh7 51. f4 b3 52. Nxc4 Rxg5 53. fxg5 Kg6
54. Kd3 b2 55. Nxb2 Bxb2 56. Kc4 Kxg5 57. Kd5 Kf6 1/2-1/2

[Event "Challenge"]
[Site "http://www.queenalice.com/game.php?id=614661"]
[Date "2009.7.7"]
[Round "-"]
[White "Dinho"]
[Black "Marivaldo"]
[Result "0-1"]
[WhiteElo "1729"]
[BlackElo "1784"]

1. e4 d5 2. Nc3 d4 3. Na4 Bd7 4. Nc5 Bc6 5. d3 a5 6. Nf3 f6 7. Ne6 Qd6 8. Nfxd4
Bd7 9. Be3 Bxe6 10. Qf3 c6 11. c3 h5 12. Bf4 Qd7 13. Be2 Bg4 14. Qg3 e5 15. Bxe5
fxe5 16. Qxe5+ Qe7 17. Qf4 Bxe2 0-1

[Event "Challenge"]
[Site "http://www.queenalice.com/game.php?id=615722"]
[Date "2009.7.9"]
[Round "-"]
[White "SGrillo"]
[Black "Dinho"]
[Result "0-1"]
[WhiteElo "1809"]
[BlackElo "1717"]

1. e4 Nf6 2. d3 g6 3. Nf3 Bg7 4. Be2 O-O 5. O-O d6 6. c3 Re8 7. Bg5 h6 8. Bxf6
Bxf6 9. h3 e5 10. Nbd2 Bg7 11. Nh2 Nc6 12. Bg4 f5 13. exf5 gxf5 14. Bh5 Rf8 15.
f4 b6 16. fxe5 dxe5 17. Qe2 Ba6 18. c4 Qg5 19. Bf3 Nd4 20. Qd1 Rae8 21. Bd5+ Kh8
22. Ndf3 Nxf3+ 23. Nxf3 Qd8 24. Nh2 Qd6 25. b3 Bc8 26. Qh5 Kh7 27. Rf3 e4 28.
dxe4 Bxa1 29. exf5 c6 30. Bf7 Re1+ 31. Rf1 Bd4+ 32. Kh1 Rxf1+ 33. Nxf1 Qf4 34.
Qg6+ Kh8 35. Ng3 Qe3 36. Nh5 Qg1# 0-1

[Event "Challenge"]
[Site "http://www.queenalice.com/game.php?id=636927"]
[Date "2009.8.15"]
[Round "-"]
[White "Marivaldo"]
[Black "Dinho"]
[Result "1-0"]
[WhiteElo "1833"]
[BlackElo "1784"]

1. d4 g6 2. Nc3 Bg7 3. Bf4 Nf6 4. e3 O-O 5. h4 d6 6. Be2 h5 7. Nf3 Nh7 8. Ng5
Nd7 9. Nxh7 Kxh7 10. g4 hxg4 11. Bxg4 Rh8 12. h5 Kg8 13. h6 Nf6 14. Bf3 Qe8 15.
hxg7 Rxh1+ 16. Bxh1 Kxg7 17. Ne4 Qh8 18. Bf3 Bf5 19. Ng3 Bd7 20. Qe2 Re8 21.
O-O-O c6 22. Rh1 Qf8 23. Bg5 Ng8 24. e4 f6 25. Be3 e5 26. Qf1 Qf7 27. b3 b6 28.
Rh2 exd4 29. Bxd4 c5 30. Be3 Bc6 31. Qh1 Kf8 32. Rh7 Qe6 33. Bh6+ Nxh6 34. Qxh6+
Kg8 35. Qg7# 1-0

[Event "Challenge"]
[Site "http://www.queenalice.com/game.php?id=636928"]
[Date "2009.8.15"]
[Round "-"]
[White "Dinho"]
[Black "Marivaldo"]
[Result "1-0"]
[WhiteElo "1761"]
[BlackElo "1895"]

1. d4 d5 2. Nc3 Bf5 3. f3 Nc6 4. e4 dxe4 5. fxe4 Bg6 6. Nf3 Bh5 7. Be2 Bxf3 8.
Bxf3 Nxd4 9. O-O Nxf3+ 10. Qxf3 f6 11. Bg5 c6 12. Rad1 Qc8 13. e5 Qe6 14. Rde1
f5 15. Na4 b6 16. Rd1 g6 17. b3 Qc8 18. Rfe1 Qe6 19. Qf2 Bh6 20. Rd6 Qc8 21.
Bxh6 Nxh6 22. Qd2 exd6 23. exd6+ Kf7 24. Re7+ Kg8 25. Qxh6 Qf8 26. Qd2 h5 27.
Qc3 c5 28. Qc4+ Qf7 29. Qxf7# 1-0

[Event "Challenge"]
[Site "http://www.queenalice.com/game.php?id=637453"]
[Date "2009.8.16"]
[Round "-"]
[White "Dinho"]
[Black "SGrillo"]
[Result "1-0"]
[WhiteElo "1743"]
[BlackElo "1787"]

1. d4 d5 2. e3 a6 3. c4 e6 4. Nc3 c6 5. Bd3 Bb4 6. Bd2 Nf6 7. f3 Bxc3 8. Bxc3
O-O 9. Ne2 Nbd7 10. Qc2 g6 11. O-O-O b5 12. c5 Nh5 13. Bd2 Ndf6 14. Rdf1 Re8 15.
e4 dxe4 16. fxe4 Ng7 17. Bg5 h6 18. Bxf6 Qd7 19. Qd2 Kh7 20. h4 Nh5 21. g4 Nxf6
22. Rxf6 Qe7 23. Rhf1 Rf8 24. e5 Kg7 25. Ng3 Ra7 26. Nh5+ gxh5 27. Qxh6+ Kg8 28.
Qh7# 1-0

[Event "QA-ANNIV-05"]
[Site "http://www.queenalice.com/game.php?id=723756"]
[Date "2010.2.1"]
[Round "3"]
[White "Ernani"]
[Black "Dinho"]
[Result "1-0"]
[WhiteElo "1962"]
[BlackElo "1768"]

1. e4 g6 2. Nc3 Bg7 3. Nf3 Nf6 4. d4 O-O 5. e5 Ne8 6. Bf4 d6 7. Qd2 Nd7 8. h4 f6
9. exd6 cxd6 10. Bh6 f5 11. h5 Ndf6 12. hxg6 hxg6 13. Bxg7 Nxg7 14. Qh6 1-0

[Event "QA-ANNIV-05"]
[Site "http://www.queenalice.com/game.php?id=758925"]
[Date "2010.4.10"]
[Round "4"]
[White "Dinho"]
[Black "bruno_borges"]
[Result "0-1"]
[WhiteElo "1760"]
[BlackElo "1981"]

1. e4 e5 2. Nf3 Nc6 3. Be2 Nf6 4. Nc3 Bb4 5. d3 d6 6. O-O Nd4 7. Nxd4 exd4 8.
Nd5 Bc5 9. Nf4 O-O 10. h3 Re8 11. Re1 d5 12. f3 dxe4 13. dxe4 d3+ 0-1

[Event "QA-ANNIV-05"]
[Site "http://www.queenalice.com/game.php?id=793682"]
[Date "2010.6.23"]
[Round "5"]
[White "pgrzelak"]
[Black "Dinho"]
[Result "1-0"]
[WhiteElo "1866"]
[BlackElo "1753"]

1. d4 d5 2. Nf3 h6 3. Nc3 e6 4. a3 c5 5. e4 Ne7 6. Bb5+ Bd7 7. Bxd7+ Qxd7 8. Ne5
Qd8 9. Be3 c4 10. O-O Nbc6 11. Nxc6 bxc6 12. Qf3 Rb8 13. Rab1 Ng6 14. Bf4 Bd6
15. e5 Be7 16. Ne2 O-O 17. Ng3 Rb7 18. Nh5 Qb8 19. Qc3 c5 20. Bg3 cxd4 21. Qxd4
Bxa3 22. Bf4 Bxb2 23. Qe3 Ba3 24. Rxb7 Qxb7 25. Qxa3 Qc7 26. Qe3 Rb8 27. Bxh6
Qxe5 28. Qxe5 Nxe5 29. Bxg7 a5 30. Bxe5 Rb5 31. Nf6+ Kg7 32. Nxd5+ 1-0

[Event "QA-ANNIV-05"]
[Site "http://www.queenalice.com/game.php?id=841266"]
[Date "2010.10.3"]
[Round "6"]
[White "Dinho"]
[Black "Nelsonbento"]
[Result "1-0"]
[WhiteElo "1742"]
[BlackElo "1553"]

1. e4 e5 2. Nf3 d6 3. d4 f6 4. d5 a6 5. Be3 c5 6. dxc6 bxc6 7. Nc3 Qa5 8. h3 f5
9. Bd3 Be7 10. Bd2 Qb4 11. Qc1 Qb6 12. b3 c5 13. Nd5 Qc6 14. Bg5 f4 15. g3 h6
16. Bxe7 Nxe7 17. Bc4 Nxd5 18. Bxd5 Qb5 19. Bxa8 g5 20. Qd2 Ke7 21. O-O-O a5 22.
Qxd6+ Ke8 23. Qd8+ Kf7 24. Bd5+ Kg6 25. Nxe5+ Kh5 26. Bf7# 1-0

[Event "QA-ANNIV-05"]
[Site "http://www.queenalice.com/game.php?id=885861"]
[Date "2011.1.13"]
[Round "7"]
[White "altair"]
[Black "Dinho"]
[Result "0-1"]
[WhiteElo "1692"]
[BlackElo "1750"]

1. e4 e5 2. Nf3 d6 3. Bc4 Nf6 4. h3 Nxe4 5. d3 Nc5 6. d4 exd4 7. Nxd4 Qe7+ 8.
Be3 g6 9. O-O Nbd7 10. Re1 Ne5 11. b3 Be6 12. b4 Na4 13. Nxe6 fxe6 14. Bb5+ c6
15. Bxa4 Bg7 16. c3 O-O 17. Nd2 a5 18. bxa5 Rxa5 19. Bb3 Nd3 20. Rf1 Bxc3 21.
Rb1 Bg7 22. Nc4 Rd5 23. Qc2 Nb4 24. Qc1 b5 25. Nb2 Rdf5 26. a3 Na6 27. Qxc6 Nc5
28. Qxb5 Ne4 29. Qe2 Nc3 30. Qc2 Nxb1 31. Qxb1 d5 32. a4 Qh4 33. Nd3 Rb8 34. Qc2
Rd8 35. Nc5 Rc8 36. Qd3 Kf7 37. Nb7 Ke7 38. Bc5+ Rxc5 39. Nxc5 Bd4 40. Na6 Rxf2
41. Rxf2 Qxf2+ 42. Kh2 Be5+ 0-1

[Event "QA-ANNIV-05"]
[Site "http://www.queenalice.com/game.php?id=953487"]
[Date "2011.6.24"]
[Round "9"]
[White "Dinho"]
[Black "REIDID93"]
[Result "0-1"]
[WhiteElo "1754"]
[BlackElo "1920"]

1. e4 c5 2. b3 Nc6 3. Bb2 Qc7 4. Nf3 d6 5. Be2 e5 6. Nc3 Nf6 7. Bc4 Be6 8. Qe2
Bg4 9. O-O-O Be7 10. h3 Bh5 11. g4 Bg6 12. a3 a6 13. Nh4 Nd4 14. Qd3 b5 15. Bd5
Nxd5 16. Nxd5 Qd8 17. Nf3 O-O 18. Bxd4 cxd4 19. h4 h6 20. Rde1 Rc8 21. Rh3 Qd7
22. Nb6 Qb7 23. Nxc8 Qxc8 24. Rg1 d5 25. Nxe5 Bxe4 26. Qxe4 dxe4 27. Kb2 Qc5 28.
Nd7 Qxa3+ 29. Kb1 Rc8 0-1

[Event "QA-ANNIV-05"]
[Site "http://www.queenalice.com/game.php?id=983027"]
[Date "2011.9.9"]
[Round "10"]
[White "Dinho"]
[Black "sioux"]
[Result "0-1"]
[WhiteElo "1745"]
[BlackElo "1600"]

1. e4 e5 2. Nf3 d6 3. Be2 Nf6 4. d3 Bg4 5. h3 Bxf3 6. Bxf3 Nbd7 7. Nc3 c5 8. Be3
Be7 9. Qd2 O-O 10. Bg5 h6 11. Bh4 Qc8 12. Nb5 a6 13. Nc3 b5 14. O-O-O b4 15. Nd5
Nxd5 16. Bxe7 Nxe7 17. Rhe1 Qc7 18. Qe2 Qa5 19. Kb1 Rab8 20. d4 exd4 21. b3 Rb5
0-1